01307nam a2200253 a 450000100100000000500170001000800410002704000250006808200160009310000380010924501080014726000340025530000200028949000690030950400390037870000420041783000760045904900090053595201290054495201290067395201140080295201200091699900170103600002149520200930011339.0100908s1986 dr 000 0 spa d aDO-SdBNPbspacBNPHU axxxxbM971c1 aMuñóz Grillo, Germinal91910313aEl contrato administrativo /cGerminal Muñóz Grillo ; presentación Luis José Bourget Frómeta. aSanto Domingo :bUASD,c1986. a63 p. ;c21 cm.1 aPublicaciones de la Universidad Autónoma de Santo Domingov484 aIncluye bibliografías (p. 61-63)1 aBourget Frómeta, Luis José944807 0aPublicaciones de la Universidad Autónoma de Santo Domingon484944808 aBNPD 001054708DSaGRbGRcCTd2010-09-08iLF1l0oxxxx M971cp21495-30r2020-06-25te. 3w2020-06-25yLFDSZPréstamo en sala 001054708DSaGRbGRcCTd2010-09-08iLF1l0oxxxx M971cp21495-40r2020-06-25te. 4w2020-06-25yLFDSZPréstamo en sala 0010718PDaPDbPDcCTd2010-09-08iLF1l0oxxxx M971cp21495-10r2020-06-25w2020-06-25yLFPDZNo se presta 0010718PDaPDbPDcCTd2010-09-08iLF1l0oxxxx M971cp21495-20r2020-06-25te. 2w2020-06-25yLFPDZNo se presta c20995d20995